00396nam a2200121Ia 4500008004100000100001900041245005700060245003300117260000900150300002700159440005200186650003600238171207s9999 xx 000 0 und d aRoberts, Chris 2aA Theory of Lodging: Exploring Hotel Guest Behavior  cChris Roberts, Linda J. Shea c2017 apages 389-92, May 2017 aJournal of Hospitality & Tourism Researchv41:4 aHUMAN BEHAVIOR, LODGING, THEORY